| 000 | 05320cam a2200577 4500 | ||
|---|---|---|---|
| 001 | L159543 | ||
| 002 | 20511 | ||
| 008 | 050720n2017 000 0 eng u | ||
| 020 | _a9780727763037 | ||
| 035 | _a(Sirsi) u159543 | ||
| 041 | 0 | _aeng | |
| 050 | 0 | 4 | _a624.08 $2 18 |
| 110 | 2 |
_aInstitution of Civil Engineers _91402 |
|
| 240 | 0 | 0 | _aNew engineering contract |
| 245 |
_aNEC4 _bcomplete family of contracts _bJune 2017 |
||
| 250 | _a4th ed. | ||
| 260 |
_aLondon _bThomas Telford _c2017 |
||
| 300 |
_a2 _fboxed sets _c30cm. |
||
| 350 | _a720 | ||
| 490 | _aNew Engineering Contract (Fourth Edition) | ||
| 505 | 0 | _aBox one: the contracts - NEC4: Engineering and Construction Contract -- NEC4: Engineering and Construction Contract Option A: priced contract with activity schedule -- NEC4: Engineering and Construction Contract Option B: priced contract with bill of quantities -- NEC4: Engineering and Construction Contract Option C: target contract with activity schedule -- NEC4: Engineering and Construction Contract Option D: target contract with bill of quantities -- NEC4: Engineering and Construction Contract Option E: cost reimbursable contract -- NEC4: Engineering and Construction Contract Option F: management contract -- NEC4: Engineering and Construction Subcontract -- NEC4: Engineering and Construction Short Contract -- NEC4: Engineering and Construction Short Subcontract -- NEC4: Professional Service Contract -- NEC4: Professional Service Subcontract -- NEC4: Professional Service Short Contract -- NEC4: Term Service Contract -- NEC4: Term Service Subcontract -- NEC4: Term Service Short Contract -- NEC4: Design Build and Operate Contract -- NEC4: Supply Contract -- NEC4: Supply Short Contract -- NEC4: Dispute Resolution Service Contract -- NEC4: Framework Contract | |
| 505 | 2 | _aBox two: user guides - NEC4: Establishing a Procurement and Contract Strategy -- NEC4: Preparing an Engineering and Construction Contract -- NEC4: Preparing an Engineering and Construction Short Contract -- NEC4: Preparing a Professional Service Contract -- NEC4: Preparing a Professional Service Short Contract -- NEC4: Preparing a Term Service Contract -- NEC4: Preparing a Term Service Short Contract -- NEC4: Preparing a Design Build and Operate Contract -- NEC4: Preparing a Supply Contract -- NEC4: Preparing a Supply Short Contract -- NEC4: Selecting a Supplier -- NEC4: Managing an Engineering and Construction Contract -- NEC4: Managing an Engineering and Construction Short Contract -- NEC4: Managing a Professional Service Contract -- NEC4: Managing a Professional Service Short Contract -- NEC4: Managing a Term Service Contract -- NEC4: Managing a Term Service Short Contract -- NEC4: Managing a Design Build and Operate Contract -- NEC4: Managing a Supply Contract -- NEC4: Managing a Supply Short Contract -- NEC4: Preparing and Managing a Dispute Resolution Service Contract -- NEC4: Preparing and Managing a Framework Contract. | |
| 520 | _aNEC4 Suite of Contracts now contains updates to all of the contracts and an added NEC3 Design Build Operate Contract (DBO) reflecting the demand for contracts to extend into the operational phase. NEC4 uses clear and professional language to promote fair dealing, greater certainty and to help prevent litigation, even on the most complex and high-risk projects. The contracts were developed to enable best practice, support flexibility and streamline processes, to deliver real value. | ||
| 520 | _aSupersedes third edition (ISBN 0727733826). | ||
| 650 | 2 | 4 | _aNEW ENGINEERING CONTRACT (FOURTH EDITION) |
| 650 | 2 | 4 | _aNEC ENGINEERING AND CONSTRUCTION CONTRACT (FOURTH EDITION) |
| 650 | 2 | 4 | _aNEC ENGINEERING AND CONSTRUCTION CONTRACT: OPTION A (FOURTH EDITION) |
| 650 | 2 | 4 | _aNEC ENGINEERING AND CONSTRUCTION CONTRACT: OPTION B (FOURTH EDITION) |
| 650 | 2 | 4 | _aNEC ENGINEERING AND CONSTRUCTION CONTRACT: OPTION C (FOURTH EDITION) |
| 650 | 2 | 4 | _aNEC ENGINEERING AND CONSTRUCTION CONTRACT: OPTION D (FOURTH EDITION) |
| 650 | 2 | 4 | _aNEC ENGINEERING AND CONSTRUCTION CONTRACT: OPTION E (FOURTH EDITION) |
| 650 | 2 | 4 | _aNEC ENGINEERING AND CONSTRUCTION CONTRACT: OPTION F (FOURTH EDITION) |
| 650 | 2 | 4 | _aNEC ENGINEERING AND CONSTRUCTION SHORT CONTRACT (THIRD EDITION) |
| 650 | 2 | 4 | _aNEC ENGINEERING AND CONSTRUCTION SUBCONTRACT (FOURTH EDITION) |
| 650 | 2 | 4 | _aNEC ENGINEERING AND CONSTRUCTION SHORT SUBCONTRACT (THIRD EDITION) |
| 650 | 2 | 4 | _aNEC PROFESSIONAL SERVICE CONTRACT (FOURTH EDITION) |
| 650 | 2 | 4 | _aNEC PROFESSIONAL SERVICE SHORT CONTRACT (SECOND EDITION) |
| 650 | 2 | 4 | _aNEC PROFESSIONAL SERVICE SUBCONTRACT (FIRST EDITION) |
| 650 | 2 | 4 | _aNEC TERM SERVICE CONTRACT (SECOND EDITION) |
| 650 | 2 | 4 | _aNEC TERM SERVICE SHORT CONTRACT (SECOND EDITION) |
| 650 | 2 | 4 | _aNEC TERM SERVICE SUBCONTRACT (FIRST EDITION) |
| 650 | 2 | 4 | _aNEC DESIGN BUILD AND OPERATE CONTRACT (FIRST EDITION) |
| 650 | 2 | 4 | _aNEC SUPPLY CONTRACT (SECOND EDITION) |
| 650 | 2 | 4 | _aNEC SUPPLY SHORT CONTRACT (SECOND EDITION) |
| 650 | 2 | 4 | _aNEC DISPUTE RESOLUTION SERVICE CONTRACT (FIRST EDITION) |
| 650 | 2 | 4 | _aNEC FRAMEWORK CONTRACT (SECOND EDITION) |
| 651 | 4 | _aENGLAND AND WALES | |
| 690 | _aBUILT ENVIRONMENT-BUILDING CONTRACT FORMS-STANDARD FORMS OF BUILDING CONTRACT-NEW ENGINEERING CONTRACT CONTRACTS | ||
| 690 |
_aContracts _96232 |
||
| 942 | _n0 | ||
| 999 |
_c115984 _d115984 |
||